000 00705nam a2200205 a 4500
008 960124s1959||||[C 0 slo c
040 _aSNK
_bslo
_cSNK
_eAACR2
041 1 _aslo
044 _axo
_cSK
080 _a894.511-32
100 1 _aAdy, Endre
_d1877-1919
_4aut
245 1 0 _aDesaťmiliónová Kleopatra
_bZ knihy "Ady Endre Osszeqyüjtött novellái, Budapest 1939
_cEndre Ady ; Prekl. Ctibor Štítnický ; Aut. dosl. Ctibor Štítnický
260 _aBratislava
_bSlov. spis.
_c1959
_eBratislava
_fPravda
300 _a246, [5] s.
_c
490 0 _aNová komorná knižnica
_vsv. 10
700 1 _aŠtítnický, Ctibor
_4trl
700 1 _aŠtítnický, Ctibor
_4aui
020 _c13
958 _aA
999 _c10510
_d10510